Movies Quiz

Random Movies or Box Office Quiz

US Box Office (Current vs Adjusted) Quiz Stats

Quiz Updated Jul 3, 2017

Challenge
Share
Tweet
Embed
Score 0/80 Timer 10:00
2 Plays Today
Rank Film % Correct
Current All Time US Box OfficeTitanic
92.3%
Adjusted All Time US Box OfficeTitanic
92.3%
Current All Time US Box OfficeAvatar
90.1%
Adjusted All Time US Box OfficeAvatar
90.1%
Adjusted All Time US Box OfficeStar Wars
75.2%
Current All Time US Box OfficeStar Wars
75.2%
Adjusted All Time US Box OfficeGone With the Wind
74%
Current All Time US Box OfficeThe Avengers
68.5%
Adjusted All Time US Box OfficeThe Avengers
68.5%
Current All Time US Box OfficeThe Dark Knight
64.4%
Adjusted All Time US Box OfficeThe Dark Knight
64.4%
Current All Time US Box OfficeStar Wars: The Last Jedi
58.6%
Adjusted All Time US Box OfficeStar Wars: Episode V - The Empire Strikes Back
54.8%
Adjusted All Time US Box OfficeStar Wars: Episode VI - Return of the Jedi
54.6%
Current All Time US Box OfficeSpider-Man
52.6%
Adjusted All Time US Box OfficeSpider-Man
52.5%
Current All Time US Box OfficeThe Dark Knight Rises
52.4%
Current All Time US Box OfficeAvengers: Age of Ultron
51%
Current All Time US Box OfficeIron Man 3
49.5%
Current All Time US Box OfficeThe Lord of the Rings: The Return of the King
46.7%
Adjusted All Time US Box OfficeThe Godfather
46.1%
Current All Time US Box OfficeBeauty and the Beast
45.1%
Current All Time US Box OfficeSpider-Man 2
45%
Current All Time US Box OfficeFrozen
42.6%
Adjusted All Time US Box OfficeE.T.: The Extra-Terrestrial
42.2%
Current All Time US Box OfficeE.T.: The Extra-Terrestrial
42.2%
Current All Time US Box OfficeFinding Dory
41.6%
Current All Time US Box OfficeStar Wars: Episode I - The Phantom Menace
41.4%
Current All Time US Box OfficeStar Wars: The Force Awakens
41.1%
Adjusted All Time US Box OfficeStar Wars: Episode I - The Phantom Menace
40.9%
Current All Time US Box OfficeStar Wars: Episode III - Revenge of the Sith
40.8%
Current All Time US Box OfficeToy Story 3
40.4%
Current All Time US Box OfficeShrek 2
38.7%
Adjusted All Time US Box OfficeShrek 2
38.6%
Current All Time US Box OfficeHarry Potter and the Deathly Hallows Part 2
37.2%
Current All Time US Box OfficeJurassic World
37.1%
Current All Time US Box OfficeWonder Woman
37.1%
Current All Time US Box OfficeRogue One: A Star Wars Story
36.8%
Adjusted All Time US Box OfficeJaws
35.9%
Current All Time US Box OfficeCaptain America: Civil War
35.7%
Rank Film % Correct
Adjusted All Time US Box OfficeRaiders of the Lost Ark
33.7%
Adjusted All Time US Box OfficeThe Lion King
32.3%
Current All Time US Box OfficeThe Lion King
32.3%
Current All Time US Box OfficeFinding Nemo
31.5%
Adjusted All Time US Box OfficeForrest Gump
31.3%
Adjusted All Time US Box OfficeJurassic Park
30.1%
Current All Time US Box OfficeJurassic Park
30.1%
Current All Time US Box OfficeGuardians of the Galaxy Vol. 2
30%
Current All Time US Box OfficeThe Hunger Games
28.3%
Current All Time US Box OfficeInside Out
28.1%
Current All Time US Box OfficePirates of the Caribbean: Dead Man's Chest
27.2%
Adjusted All Time US Box OfficeThe Sound of Music
25.4%
Current All Time US Box OfficeThe Hunger Games: Catching Fire
25.1%
Current All Time US Box OfficeDeadpool
24.4%
Adjusted All Time US Box OfficeSnow White and the Seven Dwarfs
24.1%
Current All Time US Box OfficeTransformers: Revenge of the Fallen
23.4%
Adjusted All Time US Box OfficeIndependence Day
20.4%
Adjusted All Time US Box OfficeBen-Hur
19.7%
Current All Time US Box OfficeThe Jungle Book
14.6%
Current All Time US Box OfficeDespicable Me 2
14.4%
Adjusted All Time US Box OfficeThe Ten Commandments
13.2%
Adjusted All Time US Box OfficeThe Graduate
11.2%
Adjusted All Time US Box OfficeMary Poppins
11.2%
Current All Time US Box OfficeThe Secret Life of Pets
10.9%
Adjusted All Time US Box OfficeFantasia
10.7%
Adjusted All Time US Box OfficeGrease
10.7%
Adjusted All Time US Box OfficeThe Exorcist
10.6%
Adjusted All Time US Box OfficeThe Sting
10.5%
Adjusted All Time US Box OfficeGhostbusters
10.4%
Adjusted All Time US Box OfficeJurassic World
10.4%
Current All Time US Box OfficeThe Passion of the Christ
10.3%
Adjusted All Time US Box OfficeStar Wars: The Force Awakens
9.9%
Adjusted All Time US Box OfficeSleeping Beauty
9.8%
Adjusted All Time US Box OfficeHome Alone
8.8%
Adjusted All Time US Box OfficeButch Cassidy and the Sundance Kid
7.7%
Adjusted All Time US Box OfficeThe Jungle Book
6.9%
Adjusted All Time US Box OfficeOne Hundred and One Dalmatians
6.8%
Adjusted All Time US Box OfficeDoctor Zhivago
6.7%
Adjusted All Time US Box OfficeLove Story
4.2%
Adjusted All Time US Box OfficeThunderball
4.2%

You're not logged in!

Compare scores with friends on all Sporcle quizzes.
Sign Up with Email
OR
Log In

You Might Also Like...

Show Comments

Extras

Top Quizzes Today


Score Distribution

Your Account Isn't Verified!

In order to create a playlist on Sporcle, you need to verify the email address you used during registration. Go to your Sporcle Settings to finish the process.